Les personnages du bal masqué - Statistiques

Statistiques générales
  • Ce quiz a été pris 281 fois
  • Le résultat moyen est 7 sur 13
Statistiques - réponses
Personnage % Correct
Napoléon
72%
Arlequin
71%
Cendrillon
65%
Superman
61%
Casanova
58%
Colombine
58%
Dracula
58%
Spiderman
50%
Jules César
42%
Joséphine
41%
D'Artagnan
38%
Bécassine
36%
Marilyn
22%
Aucun quiz correspondant
Distribution des résultats
% des personnes avec chaque résultat
Percentile par nombre de réponses
Votre historique - résultats
Vous n’avez pas pris ce quiz